Política Brasileira - Statistics

Estatísticas Gerais
  • Esse quiz foi jogado 278 vezes
  • A pontuação média é 8 de 15
Estatísticas das Respostas
Questão Resposta % Correto
Quem é esse personagem histórico? João Goulart
85%
O resultado mais acirrado de uma eleição presidencial foi o de 2022
81%
Durante o processo de Impeachment da ex-presidente Dilma Rousseff (2016), um deputado se destacou na hora de relatar seu voto, seu nome era Jair Bolsonaro
75%
Sergio Moro, juiz conhecido pelo envolvimento na prisão do presidente Lula, investigações da Lava Jato e por ser ministro da Justiça do ex-presidente Bolsonaro, hoje (dezembro de 2023) é Senador pelo Paraná
68%
Fernando Collor de Melo, ex-presidente e importante político de Alagoas, era conhecido por um apelido durante o final dos anos 80. Qual era esse apelido? Caçador de Marajás
64%
O deputado federal mais votado nas eleições de 2010 foi Tiririca
62%
Qual frase está correta? As eleições de presidente e vice presidente eram separadas, antigamente (antes de 1964)
61%
O presidente Lula participou de quantas eleições presidenciais até o momento (dezembro de 2023)? 6
60%
Conhecida como a batalha entre a "Pena" e "Espada", a eleição presidencial brasileira de 1910 teve como protagonistas Ruy Barbosa e Hermes da Fonseca
52%
A Lei da Anistia (1979), formulada no Governo Figueiredo, em base, propunha Anistia a qualquer terrorista de Estado e aos rebeldes que não cometeram crimes de sangue
44%
A morte do ex-presidente Getúlio Vargas chocou o Brasil, adiou um possível golpe militar em 10 anos e a bala que entrou em seu peito também adentrou o imaginário de seus inimigos, qual desses atos foi realizado em seu governo eleito (1951-1954)? Petrobrás
42%
Eurico Gaspar Dutra, ex-presidente e ministro da ditadura varguistas (1937-1945), defendia a aliança do Brasil, no contexto da Segunda Guerra Mundial, com o Eixo
39%
O ex-presidente José Sarney entrou no mundo da política (assumiu o primeiro cargo) no ano de 1955
37%
Qual desses políticos já foi presidente da República? Pedro Aleixo
36%
Qual é o nome da emenda fracassada que defendia eleições diretas para presidente, no ano de 1983? Emenda Dante de Oliveira
26%
Nenhum quiz correspondente encontrado
Distribuição das Pontuações
Porcentagem de Pessoas com Cada Pontuação
Percentil de Números Respondidos
Sua Pontuação Histórica
Você não jogou esse quiz